MARC

LEADER 00000nam0a2200000 4500
001 296395
005 20231102000912.0
020 |a RU  |b 84-44690 
035 |a (RuTPU)RU\TPU\book\321501 
090 |a 296395 
100 |a 20150529d1983 k a0rusy5003 ca 
101 0 |a rus 
102 |a RU 
105 |a a z 001zy 
200 1 |a Шумовые свойства ламп обратной волны со скрещенными полями  |f А. А. Игнатьев, М. Н. Куликов, В. С. Стальмахов, А. С. Шаповалов  |g [Под ред. В. С. Стальмахова] 
210 |a Саратов  |c Изд-во Саратовского ун-та  |d 1983 
215 |a 93 с.  |c ил. 
606 |a Электронные лампы с обратной волной  |2 stltpush  |3 (RuTPU)RU\TPU\subj\20450  |9 45551 
610 1 |a скрещенные поля 
610 1 |a шумовые свойства 
610 1 |a лампы обратной волны 
675 |a 621.385.633  |z rus 
701 1 |a Игнатьев  |b А. А.  |g Александр Анатольевич 
701 1 |a Куликов  |b М. Н.  |g Михаил Николаевич 
701 1 |a Стальмахов  |b В. С.  |g Всеволод Семенович 
701 1 |a Шаповалов  |b А. С.  |g Александр Степанович 
702 1 |a Стальмахов  |b В. С.  |g Всеволод Семенович  |4 340 
801 0 |a RU  |b RuMRKP  |c 19950704  |g psbo 
801 1 |a RU  |b 63413507  |c 20150529 
801 2 |a RU  |b 63413507  |c 20180329  |g RCR 
942 |c BK